00310nam a2200133Ia 4500003000400000008004100004082001500045100001700060245003700077250000900114260003700123300000800160650000800168OSt191201s2008 xx 000 0 und d a657.3bSIT aSINGHAL, A K 0aTextbook of Financial Accounting aRev. aNew DelhibVayu Edu. Indiac2008 a828 aMBA